Funding heritage-led regeneration (Record no. 65806)
[ view plain ]
| 000 -LEADER | |
|---|---|
| fixed length control field | 01266cam a2200229 4500 |
| 001 - CONTROL NUMBER | |
| control field | ABS63485 |
| 008 - FIXED-LENGTH DATA ELEMENTS--GENERAL INFORMATION | |
| fixed length control field | 000000n2000 000 0 eng u |
| 035 ## - SYSTEM CONTROL NUMBER | |
| System control number | (Sirsi) u110381 |
| 100 ## - MAIN ENTRY--PERSONAL NAME | |
| Personal name | Barber, T. |
| 245 ## - TITLE STATEMENT | |
| Title | Funding heritage-led regeneration |
| 260 ## - PUBLICATION, DISTRIBUTION, ETC. | |
| Date of publication, distribution, etc. | 2000 |
| 490 ## - SERIES STATEMENT | |
| Series statement | Context |
| Volume/sequential designation | (68) December 2000, 16-18(3) |
| 520 ## - SUMMARY, ETC. | |
| Summary, etc. | Outlines the major sources of funding for heritage-led regeneration schemes, other than CADW, English Heritage and Historic Scotland. Sources of funding discussed include the Regional Development Agencies, the Landfill Tax Credit Scheme, English Heritage's Heritage Economic Regeneration Scheme (HERS), charitable trusts, Section 106 agreements and the Single Regeneration Budget. The European Regional Development (ERDF), which is available in areas covered by either Objective 1 or 2 status, is considered as is the Heritage Lottery Fund's Townscape Heritage Initiative (THI) and sources of funding specific to Wales, Scotland and Northern Ireland. Examples of schemes and types of project funded are given in each case. |
| 590 ## - LOCAL NOTE (RLIN) | |
| Local note | ABS |
| 650 ## - SUBJECT ADDED ENTRY--TOPICAL TERM | |
| Topical term or geographic name entry element | HISTORIC AREAS |
| 650 ## - SUBJECT ADDED ENTRY--TOPICAL TERM | |
| Topical term or geographic name entry element | HISTORIC BUILDINGS |
| 650 ## - SUBJECT ADDED ENTRY--TOPICAL TERM | |
| Topical term or geographic name entry element | FUNDING |
| 650 ## - SUBJECT ADDED ENTRY--TOPICAL TERM | |
| Topical term or geographic name entry element | HERITAGE PROPERTY |
| 650 ## - SUBJECT ADDED ENTRY--TOPICAL TERM | |
| Topical term or geographic name entry element | GRANTS |
| 690 ## - LOCAL SUBJECT ADDED ENTRY--TOPICAL TERM (OCLC, RLIN) | |
| Topical term or geographic name as entry element | REGENERATION |
| 942 ## - ADDED ENTRY ELEMENTS (KOHA) | |
| Suppress in OPAC | 0 |
| Withdrawn status | Lost status | Source of classification or shelving scheme | Damaged status | Not for loan | Home library | Current library | Shelving location | Date acquired | Total Checkouts | Full call number | Barcode | Date last seen | Copy number | Price effective from | Koha item type |
|---|---|---|---|---|---|---|---|---|---|---|---|---|---|---|---|
| Dewey Decimal Classification | London | London | Journal article | 16/01/2001 | ABS63485 | 110381-1001 | 06/08/2019 | 1 | 06/08/2019 | Journal article |